000 00577nam a22002297a 4500
001 48214
003 UA-OsUOA
005 20220409165822.0
007 ta
008 20070830b un ||||| |||| 00| 0 ukr d
040 _aUA-OsUOA
_bukr
_cUA-OsUOA
_dUA-OsUOA
041 _aukr
080 _a82.09
090 _a82.09
_bГ70
100 _aГоробец А.
245 _aБосиком по битому стеклу
260 _c2003
300 _a336 с.
650 7 _a82 Література. Літературознавство
_2UDC
942 _cBK
_2udc
955 _a2
999 _c334227
_d334227